Schnelle Mathematik: Vielfachen von 8 - Statistiken

Allgemein
  • Dieses Quiz wurde 504 mal gespielt
  • Das Durchschnittsergebnis liegt bei 9 aus 10
Antwortstatistiken
Hint Antwort % Korrekt
1*8 8
100%
2*8 16
99%
3*8 24
97%
4*8 32
95%
5*8 40
91%
6*8 48
87%
7*8 56
84%
8*8 64
74%
9*8 72
67%
10*8 80
64%
Keine übereinstimmenden Quizze gefunden
Verteilung der Resultate
Anzahl Personen mit jedem Resultat
Perzentil nach korrekt beantworteten Fragen
Ihre Resultats-Entwicklung
Sie haben dieses Quiz noch nicht gespielt